00389 2200133 4500001002100000005001500021035002400036090002000060245009000080250001000170260003600180300002400216990001500240YOGYA00000000000058520140822063851 0010-081400000000625 aK 616.835 Ken K akelumpuhan akibat polio : buku bacaan untuk siswa SD ed. rev cet.2ckennethlyn, alice acet.2 ajakartabjelita akademikac1993 a36hlm.cilus.c23cm a63297-p/95